[Event "XIV T. INT. AJEDREZ "]
[Site "Navalmoral de la Mata"]
[Date "2008.12.08"]
[Round "9.2"]
[White "Burmakin, Vladimir"]
[Black "Perez Candelario, Manuel"]
[Result "1-0"]
[WhiteElo "2625"]
[BlackElo "2520"]
[PlyCount "51"]
[EventDate "2008.12.04"]

1. Nf3 d5 2. c4 e6 3. g3 Nf6 4. Bg2 dxc4 5. Qa4+ Nbd7 6. Qxc4 a6 7. Qc2 c5 8.
d4 Qb6 9. dxc5 Bxc5 10. O-O Ng4 11. e3 Qa7 12. a3 Be7 13. b4 Bf6 14. Bb2 O-O
15. Nc3 b6 16. h3 Nge5 17. Nxe5 Nxe5 18. Ne4 Bb7 19. Nxf6+ gxf6 20. e4 b5 21.
Kh1 Kg7 22. Qe2 Ng6 23. h4 e5 24. h5 Ne7 25. f4 Nc6 26. f5 1-0

[Event "XIV T. INT. AJEDREZ "]
[Site "Navalmoral de la Mata"]
[Date "2008.12.08"]
[Round "9.3"]
[White "Fedorchuk, Sergey A"]
[Black "Rusev, Krasimir"]
[Result "1-0"]
[WhiteElo "2603"]
[BlackElo "2541"]
[PlyCount "55"]
[EventDate "2008.12.04"]

1. e4 c5 2. Nf3 e6 3. d4 cxd4 4. Nxd4 Nf6 5. Nc3 Nc6 6. Nxc6 bxc6 7. e5 Nd5 8.
Ne4 Bb7 9. Be2 c5 10. c4 Ne3 11. Bxe3 Bxe4 12. Bf3 Bxf3 13. Qxf3 Be7 14. Qg3 g6
15. O-O d5 16. cxd5 exd5 17. Bh6 Qd7 18. f4 O-O-O 19. Rac1 Qe6 20. Bg5 Rd7 21.
Rc2 Kb8 22. f5 gxf5 23. Bxe7 Qxe7 24. e6+ Rc7 25. exf7 Kb7 26. Rxf5 Rd8 27.
Qb3+ Kc6 28. Rcf2 1-0

[Event "XIV T. INT. AJEDREZ "]
[Site "Navalmoral de la Mata"]
[Date "2008.12.08"]
[Round "9.4"]
[White "Campora Sivori, Daniel H"]
[Black "Del Rio De Angelis, Salvador G"]
[Result "1/2-1/2"]
[WhiteElo "2537"]
[BlackElo "2531"]
[PlyCount "101"]
[EventDate "2008.12.04"]

1. d4 g6 2. e4 Bg7 3. Nf3 c6 4. h3 d5 5. e5 c5 6. c3 Nc6 7. Bb5 Qa5 8. Qa4 Qxa4
9. Bxa4 cxd4 10. cxd4 Bd7 11. Nc3 Nb4 12. a3 Nc6 13. Nxd5 O-O-O 14. Be3 Nxd4
15. Bxd7+ Rxd7 16. Nb6+ axb6 17. Bxd4 e6 18. Bxb6 Ne7 19. Rc1+ Kb8 20. O-O Nd5
21. Bc5 b6 22. Bd6+ Kb7 23. Rc4 Rhd8 24. Rfc1 Rxd6 25. exd6 Bxb2 26. Rb1 Bxa3
27. Ng5 Rd7 28. Nxh7 Bxd6 29. Ng5 Ka6 30. Ne4 Be7 31. Ra4+ Kb7 32. Rc4 Ka6 33.
g3 Rd8 34. h4 b5 35. Rc6+ Kb7 36. Rc2 b4 37. Nc3 Nc7 38. Kg2 Rd4 39. Ne2 Rd8
40. Rc4 Rd2 41. Rcxb4+ Bxb4 42. Rxb4+ Kc6 43. Nc3 Nd5 44. Nxd5 Rxd5 45. Rf4 f5
46. Ra4 Kd6 47. Ra7 Ke5 48. Rf7 Rd2 49. Rf8 Ra2 50. Rf7 Rb2 51. Rf8 1/2-1/2

[Event "XIV T. INT. AJEDREZ "]
[Site "Navalmoral de la Mata"]
[Date "2008.12.08"]
[Round "9.6"]
[White "Khamrakulov, Ibragim S"]
[Black "Aranaz Portugues, Jose Carlos"]
[Result "1-0"]
[WhiteElo "2580"]
[BlackElo "2143"]
[PlyCount "79"]
[EventDate "2008.12.04"]

1. e4 c6 2. d4 d5 3. exd5 cxd5 4. c4 Nf6 5. Nc3 e6 6. Nf3 Bb4 7. Bd3 O-O 8. O-O
Nc6 9. Bg5 Be7 10. a3 dxc4 11. Bxc4 a6 12. a4 Nb4 13. Ne5 Bd7 14. Qb3 a5 15.
Rfe1 Kh8 16. Rac1 Bc6 17. Nb5 Nfd5 18. Bd2 Qb6 19. Rcd1 Rad8 20. Bc1 Nf6 21.
Bg5 Bd5 22. Bxd5 Nbxd5 23. Nc4 Qa6 24. Bd2 b6 25. Ne5 Qb7 26. Rc1 Kg8 27. Qg3
Bb4 28. Bxb4 Nxb4 29. Rc7 Qd5 30. Nc4 Rb8 31. b3 Qd8 32. Ncd6 Nfd5 33. Rcc1 Qf6
34. Re4 Rfd8 35. f4 Qg6 36. Qf3 Nf6 37. f5 Qh6 38. Rce1 Ne8 39. Nb7 Rd5 40.
Rxe6 1-0

[Event "XIV T. INT. AJEDREZ "]
[Site "Navalmoral de la Mata"]
[Date "2008.12.08"]
[Round "9.8"]
[White "Guerra Tulcan, Lenin"]
[Black "Larino Nieto, David"]
[Result "1/2-1/2"]
[WhiteElo "2304"]
[BlackElo "2469"]
[PlyCount "131"]
[EventDate "2008.12.04"]

1. e4 e6 2. d4 d5 3. Nd2 Nf6 4. e5 Nfd7 5. Bd3 c5 6. c3 Nc6 7. Ne2 cxd4 8. cxd4
f6 9. exf6 Nxf6 10. O-O Bd6 11. Nf3 Qc7 12. g3 O-O 13. Bf4 Ng4 14. Kg2 e5 15.
dxe5 Ncxe5 16. Nxe5 Bxe5 17. h3 Nf6 18. Rc1 Qd6 19. Qd2 Qe6 20. Rh1 Nh5 21.
Bxe5 Qxe5 22. Qc3 Qg5 23. Qd4 Rf7 24. f4 Qd8 25. g4 Nf6 26. Ng3 Bd7 27. Rhe1
Kh8 28. Re5 Qa5 29. Bb1 Qa6 30. Bd3 Qa5 31. Rc2 Raf8 32. g5 Ne8 33. Nh5 Qa4 34.
Qxa4 Bxa4 35. b3 Bc6 36. g6 Rd7 37. gxh7 Nd6 38. Kh2 Ne4 39. b4 a6 40. f5 Kxh7
41. Nf4 Nf6 42. Ne6 Re8 43. Rce2 d4 44. Kg3 Kh6 45. Kh4 Rde7 46. Re1 Bd5 47.
Rg1 Bxa2 48. b5 axb5 49. Bxb5 Rh8 50. Nf8 g5+ 51. Rxg5 Rg7 52. Ng6 Rgg8 53. Re2
Bd5 54. Bd3 Rh7 55. Rb2 Bc6 56. Rb4 Rd7 57. Rg1 Be4 58. Bxe4 Nxe4 59. Rb6 Kh7
60. Kh5 Nd6 61. Rgb1 d3 62. Ne5 Rdd8 63. f6 Nf7 64. Nxf7 Rd5+ 65. Kh4 Rd4+ 66.
Kh5 1/2-1/2

[Event "XIV T. INT. AJEDREZ "]
[Site "Navalmoral de la Mata"]
[Date "2008.12.08"]
[Round "9.9"]
[White "Komljenovic, Davorin"]
[Black "Andrada Andrada, Luis Javier"]
[Result "0-1"]
[WhiteElo "2428"]
[BlackElo "2260"]
[PlyCount "80"]
[EventDate "2008.12.04"]

1. d4 Nf6 2. Nf3 g6 3. c4 Bg7 4. g3 O-O 5. Bg2 d6 6. O-O c5 7. d5 e6 8. dxe6
Bxe6 9. Ng5 Bxc4 10. Bxb7 Nbd7 11. Na3 Rb8 12. Nxc4 Rxb7 13. Nxd6 Rb4 14. Nf3
Qe7 15. a3 Rb6 16. Nc4 Re6 17. Ng5 Rc6 18. Qc2 Re8 19. Re1 h6 20. Nh3 g5 21. f3
g4 22. fxg4 Nxg4 23. Bf4 Re6 24. e3 Bd4 25. Nf2 Nxe3 26. Bxe3 Bxe3 27. Rxe3
Rxe3 28. Nxe3 Qxe3 29. Qf5 Ne5 30. Kg2 Rb8 31. Rb1 c4 32. Kh3 Qg5 33. Qe4 Rb3
34. Kg2 Qg6 35. Qa8+ Kg7 36. Re1 Rxb2 37. Qd5 Nd3 38. Qd4+ Qf6 39. Qg4+ Kh7 40.
Qe4+ Qg6 0-1

[Event "XIV T. INT. AJEDREZ "]
[Site "Navalmoral de la Mata"]
[Date "2008.12.08"]
[Round "9.10"]
[White "Aranaz Murillo, Amalia"]
[Black "Carrasco Martinez, Juan M"]
[Result "1/2-1/2"]
[WhiteElo "1989"]
[BlackElo "2434"]
[PlyCount "65"]
[EventDate "2008.12.04"]

1. Nf3 Nf6 2. c4 c6 3. d4 d5 4. Qb3 dxc4 5. Qxc4 Bf5 6. g3 e6 7. Bg2 Nbd7 8.
Nc3 h6 9. O-O Be7 10. Qb3 Qb6 11. Re1 Qxb3 12. axb3 Ne4 13. Nh4 Bxh4 14. gxh4
Nxc3 15. bxc3 O-O 16. e4 Bg6 17. Be3 a6 18. f3 Rfe8 19. c4 Rac8 20. Rad1 f6 21.
Bf2 f5 22. Bg3 Bh5 23. Rd2 g5 24. hxg5 hxg5 25. f4 gxf4 26. Bxf4 Kf7 27. exf5
exf5 28. Rxe8 Rxe8 29. Kf2 Nf6 30. d5 cxd5 31. Bxd5+ Nxd5 32. Rxd5 Re2+ 33. Kg3
1/2-1/2